Orthodox Church History / Teacher's Manual (Record no. 2297)
[ view plain ]
| 000 -LEADER | |
|---|---|
| fixed length control field | 01369cam a22001934a 4500 |
| 005 - ΗΜΕΡΟΜΗΝΙΑ ΚΑΙ ΩΡΑ ΤΕΛΕΥΤΑΙΑΣ ΕΝΗΜΕΡΩΣΗΣ | |
| Πεδίο ελέγχου | 20250605163324.0 |
| 008 - FIXED-LENGTH DATA ELEMENTS--GENERAL INFORMATION | |
| Πεδίο ελέγχου σταθερού μήκους | 250528s ||||||||||||||||||||||||d |
| 035 ## - SYSTEM CONTROL NUMBER | |
| System control number | 16843 |
| 020 ## - ISBN | |
| ISBN | 9603152250 |
| 040 ## - ΠΗΓΗ ΚΑΤΑΛΟΓΟΓΡΑΦΗΣΗΣ | |
| Φορέας πρωτότυπης καταλογογράφησης | MC Athens Campus Library |
| Γλώσσα καταλογογράφησης | Ελληνικά, Μοντέρνα (1453-) |
| Modifying agency | MC Athens Campus Library |
| Κανόνες περιγραφικής καταλογογράφησης | AACR2 |
| 245 1# - ΤΙΤΛΟΣ ΚΑΙ ΔΗΛΩΣΗ ΥΠΕΥΘΥΝΟΤΗΤΑΣ | |
| Τίτλος | Orthodox Church History / Teacher's Manual |
| 250 ## - EDITION STATEMENT | |
| Edition statement | 2nd |
| 260 ## - PUBLICATION, DISTRIBUTION, ETC. | |
| Name of publisher, distributor, etc. | Apostoliki Diakonia of The Orthodox Church of Gree, |
| Date of publication, distribution, etc. | 2002 |
| 300 ## - PHYSICAL DESCRIPTION | |
| Extent | 208 |
| 520 ## - SUMMARY, ETC. | |
| Summary, etc. | The Ancient World, The Israelites and the Chosen People of God, The Fulness of Time, The Church is Established, The Holy Apostles, Christianity Speads to the World, St. Paul's Missionary Journeys, The Church Develops, Christianity Spreads in Spite of Conflicts, Apostolic Fathers of the Church, The Persecutions (External Conflicts), The Church Grew and Expanded, The Triumh of the Church, The Creed of Faith, Development of the Orthodox Monasticism, Christianity Spreads to the Slavic Nations, The Separation of East and West, The Great Schism, Other Differences Between the Churches, Period of Crusades, The Orthodox Church and Scholasticism, Pillars of Orthodoxy: Monasticism and St. Gregory Palamas, Protestand Reformation, The Reformation Continues, English Reformation, General Conclusion on Protestantism, The Byzantine Empire Collapsed but Orthodoxy Prevailed, Appendix. |
| 942 ## - ADDED ENTRY ELEMENTS (KOHA) | |
| Koha item type | Books |
| Τύπος τεκμηρίου | Βιβλιοθήκη | Τρέχουσα τοποθεσία | Barcode | Αριθμός εισαγωγής | Ημερομηνία απόκτησης | Ταξιθετικό σύμβολο | Αριθμός αντιτύπου | Κατάσταση απόσυρσης | Κατάσταση χαμένου | Κατάσταση κατεστραμμένου | Μη δανεισμός | Σύνολο δανεισμών | Ημερομηνία τελευταίας εμφάνισης | Η τιμή ισχύει από |
|---|---|---|---|---|---|---|---|---|---|---|---|---|---|---|
| Books | MC Athens Campus Library | MC Athens Campus Library | 9780000022967 | 5441 | 05/06/2025 | REF 281.93 OCG | 1 | 05/06/2025 | 05/06/2025 |